[Event "Stuttgart-chA int"]
[Site "Ditzingen"]
[Date "2018.05.11"]
[Round "3"]
[White "Issaad, Pascal"]
[Black "Schoenhof, Timo"]
[Result "0-1"]
[WhiteElo "1893"]
[BlackElo "1948"]
[PlyCount "60"]
[EventDate "2018.05.10"]
[EventType "swiss"]
[EventRounds "7"]
[EventCountry "GER"]
[SourceTitle "EXT 2020"]
[Source "ChessBase"]
[SourceDate "2019.10.17"]
[SourceVersion "1"]
[SourceVersionDate "2019.10.17"]
[SourceQuality "1"]

1. d3 c5 2. f4 g6 3. Nf3 Bg7 4. g3 Nc6 5. Bg2 d6 6. 0-0 Nf6 7. c3 0-0 8. a4 a6 9. Na3 Rb8 10. e4 b5 11. axb5 axb5 12. Bd2 Qb6 13. Re1 e5 14. fxe5 dxe5 15. c4 b4 16. Nc2 Bg4 17. Ne3 Bxf3 18. Bxf3 Nd4 19. Nd5 Nxd5 20. cxd5 Ra8 21. Kg2 Rxa1 22. Qxa1 Nc2 23. Qc1 Nxe1+ 24. Bxe1 Ra8 25. Bf2 Bf8 26. Bg4 Qd6 27. Qc4 h5 28. Bd1 Ra1 29. Bb3 g5 30. Qc2 g4 0-1

[Event "Stuttgart-chA op"]
[Site "Ditzingen"]
[Date "2015.05.16"]
[Round "5"]
[White "Cofman, Veaceslav"]
[Black "Issaad, Pascal"]
[Result "1-0"]
[WhiteElo "2145"]
[BlackElo "1845"]
[PlyCount "39"]
[EventDate "2015.05.14"]
[EventType "swiss"]
[EventRounds "7"]
[EventCountry "GER"]
[SourceTitle "EXT 2018"]
[Source "ChessBase"]
[SourceDate "2017.10.13"]
[SourceVersion "1"]
[SourceVersionDate "2017.10.13"]
[SourceQuality "1"]

1. d4 b5 2. e4 Bb7 3. Bd3 e6 4. c3 Nf6 5. f3 a6 6. Be3 Be7 7. Qc2 d6 8. Nd2 Nbd7 9. a4 bxa4 10. Qxa4 0-0 11. Ne2 c5 12. 0-0 d5 13. e5 Nb6 14. Qc2 Nfd7 15. Bxh7+ Kh8 16. f4 Nc4 17. Nxc4 dxc4 18. Be4 Bd5 19. Bxd5 exd5 20. Rf3 1-0

[Event "Stuttgart-chA op"]
[Site "Ditzingen"]
[Date "2015.05.15"]
[Round "4"]
[White "Issaad, Pascal"]
[Black "Schmidt, Tobias"]
[Result "1/2-1/2"]
[WhiteElo "1845"]
[BlackElo "2122"]
[PlyCount "147"]
[EventDate "2015.05.14"]
[EventType "swiss"]
[EventRounds "7"]
[EventCountry "GER"]
[SourceTitle "EXT 2018"]
[Source "ChessBase"]
[SourceDate "2017.10.13"]
[SourceVersion "1"]
[SourceVersionDate "2017.10.13"]
[SourceQuality "1"]

1. Nf3 d5 2. b4 Nf6 3. Bb2 c6 4. e3 Bg4 5. h3 Bh5 6. Be2 Nbd7 7. d4 Qb6 8. a3 a5 9. c3 e6 10. 0-0 Be7 11. Nbd2 0-0 12. Nb3 axb4 13. cxb4 Ne4 14. Ne5 Nxe5 15. dxe5 Bxe2 16. Qxe2 c5 17. Nxc5 Nxc5 18. bxc5 Bxc5 19. Rfc1 Ra4 20. Rc3 Qa7 21. Qb5 b6 22. Kh2 Ra8 23. Rac1 g6 24. Qe2 Qa6 25. Qf3 Rf8 26. Qf6 Qb5 27. R3c2 Qd3 28. Rc3 Qe4 29. f3 Qf5 30. g4 Qxf6 31. exf6 h6 32. Kg3 Kh7 33. h4 Bd6+ 34. Kg2 h5 35. gxh5 Rxh4 36. hxg6+ Kxg6 37. Rh1 Rxh1 38. Kxh1 Be5 39. Rb3 Bxb2 40. Rxb2 Rc8 41. Kg2 Rc3 42. Kf2 Rxa3 43. Rxb6 Kxf6 44. Rb7 Ra2+ 45. Kg3 Re2 46. Rb3 Kf5 47. Ra3 Rd2 48. Ra4 Re2 49. Ra3 e5 50. Rb3 e4 51. Ra3 Ke5 52. Rb3 f6 53. Ra3 Rd2 54. Ra8 Rd3 55. Re8+ Kf5 56. fxe4+ dxe4 57. Kf2 Rd2+ 58. Ke1 Ra2 59. Kf1 Ra6 60. Kf2 Ra5 61. Re7 Re5 62. Rg7 Ke6 63. Ke2 Rd5 64. Rg8 Rd7 65. Rh8 f5 66. Rg8 Re7 67. Rh8 Ke5 68. Rd8 Kf6 69. Ra8 Rg7 70. Kf2 Kg5 71. Rb8 Kg4 72. Rc8 Rg5 73. Rd8 f4 74. Re8 1/2-1/2

[Event "Stuttgart-chB int"]
[Site "Ditzingen"]
[Date "2014.05.30"]
[Round "4"]
[White "Bausch, Jean"]
[Black "Issaad, Pascal"]
[Result "1-0"]
[WhiteElo "1791"]
[BlackElo "1864"]
[PlyCount "54"]
[EventDate "2014.05.29"]
[EventType "swiss"]
[EventRounds "7"]
[EventCountry "GER"]
[SourceTitle "EXT 2015"]
[Source "ChessBase"]
[SourceDate "2014.11.20"]
[SourceVersion "1"]
[SourceVersionDate "2014.11.20"]
[SourceQuality "1"]

1. d4 f5 2. Nf3 Nf6 3. e3 g6 4. c4 Bg7 5. Be2 0-0 6. 0-0 d6 7. Nc3 e6 8. Qc2 Nc6 9. a3 e5 10. dxe5 dxe5 11. Rd1 Qe7 12. b4 e4 13. Nd4 Nxd4 14. exd4 a5 15. b5 Bd7 16. Bf4 Be6 17. d5 Bc8 18. d6 Qe6 19. dxc7 h6 20. Rab1 g5 21. Bd6 Re8 22. b6 Bd7 23. Na4 Bxa4 24. Qxa4 e3 25. f3 Nd7 26. c5 Ne5 27. Bxe5 Bxe5 1-0

[Event "Stuttgart-chB int"]
[Site "Ditzingen"]
[Date "2014.05.30"]
[Round "5"]
[White "Issaad, Pascal"]
[Black "Narr, Matthias"]
[Result "1-0"]
[WhiteElo "1864"]
[BlackElo "1743"]
[PlyCount "67"]
[EventDate "2014.05.29"]
[EventType "swiss"]
[EventRounds "7"]
[EventCountry "GER"]
[SourceTitle "EXT 2015"]
[Source "ChessBase"]
[SourceDate "2014.11.20"]
[SourceVersion "1"]
[SourceVersionDate "2014.11.20"]
[SourceQuality "1"]

1. Nf3 f5 2. g3 Nf6 3. Bg2 e6 4. 0-0 Be7 5. d3 d6 6. Nbd2 Nc6 7. c3 e5 8. b4 Nh5 9. b5 Nb8 10. e4 Nf6 11. Qb3 fxe4 12. Nxe4 Nxe4 13. dxe4 Qd7 14. Be3 Qe6 15. Rfd1 Qxb3 16. axb3 b6 17. Rd2 Be6 18. c4 a5 19. Bf1 c5 20. Bg5 Ra7 21. Bxe7 Kxe7 22. Ng5 h6 23. Nxe6 Kxe6 24. Rad1 Rd8 25. f4 Rf7 26. Bh3+ Ke7 27. fxe5 Rf3 28. exd6+ Ke8 29. e5 Nd7 30. e6 Ne5 31. Bg2 Rf6 32. Bc6+ Nxc6 33. bxc6 Rxe6 34. c7 1-0

[Event "Stuttgart-chB int"]
[Site "Ditzingen"]
[Date "2014.05.29"]
[Round "3"]
[White "Issaad, Pascal"]
[Black "Hahn, Lilli"]
[Result "1-0"]
[WhiteElo "1864"]
[BlackElo "1773"]
[PlyCount "79"]
[EventDate "2014.05.29"]
[EventType "swiss"]
[EventRounds "7"]
[EventCountry "GER"]
[SourceTitle "EXT 2015"]
[Source "ChessBase"]
[SourceDate "2014.11.20"]
[SourceVersion "1"]
[SourceVersionDate "2014.11.20"]
[SourceQuality "1"]

1. e4 c5 2. d3 Nc6 3. Nf3 d6 4. Nbd2 g6 5. g3 Bg7 6. Bg2 Nf6 7. 0-0 0-0 8. Nh4 e5 9. Nc4 Rb8 10. a4 Be6 11. h3 a6 12. Ne3 b5 13. axb5 axb5 14. Ng4 Nxg4 15. hxg4 Qd7 16. f3 c4 17. Be3 cxd3 18. cxd3 Ra8 19. Qd2 Rfc8 20. g5 Bh3 21. g4 Bxg2 22. Nxg2 f6 23. gxf6 Bxf6 24. Rfc1 Qb7 25. Qd1 Rxa1 26. Rxa1 Kf7 27. Qb3+ Ke7 28. g5 Bg7 29. f4 Nd4 30. Bxd4 exd4 31. f5 Be5 32. Qe6+ Kf8 33. fxg6 hxg6 34. Rf1+ Kg7 35. Nh4 Qc7 36. Qxg6+ Kh8 37. Qh6+ Kg8 38. Qe6+ Kg7 39. Nf5+ Kh8 40. Ne7 1-0

[Event "Stuttgart-chB int"]
[Site "Ditzingen"]
[Date "2012.05.19"]
[Round "6"]
[White "Issaad, Pascal"]
[Black "Schmidt, Max"]
[Result "0-1"]
[WhiteElo "1828"]
[BlackElo "1879"]
[PlyCount "42"]
[EventDate "2012.05.17"]
[EventType "swiss"]
[EventRounds "7"]
[EventCountry "GER"]
[SourceTitle "EXT 2018"]
[Source "ChessBase"]
[SourceDate "2017.10.13"]
[SourceVersion "1"]
[SourceVersionDate "2017.10.13"]
[SourceQuality "1"]

1. e4 d5 2. exd5 Qxd5 3. Nc3 Qd6 4. Nf3 g6 5. d4 Bg7 6. Nb5 Qd8 7. Bf4 Na6 8. c4 c6 9. Nc3 Bg4 10. Be3 Bxf3 11. gxf3 e6 12. Ne4 Ne7 13. c5 Nf5 14. Bxa6 Qa5+ 15. Qd2 Qxa6 16. Ng3 0-0-0 17. Nxf5 exf5 18. f4 Rhe8 19. 0-0-0 Qxa2 20. Qb4 Qd5 21. b3 Re4 0-1

[Event "Stuttgart-chB int"]
[Site "Ditzingen"]
[Date "2012.05.18"]
[Round "4"]
[White "Issaad, Pascal"]
[Black "Triantafillidis, Zoe"]
[Result "1-0"]
[WhiteElo "1828"]
[BlackElo "1691"]
[PlyCount "45"]
[EventDate "2012.05.17"]
[EventType "swiss"]
[EventRounds "7"]
[EventCountry "GER"]
[SourceTitle "EXT 2018"]
[Source "ChessBase"]
[SourceDate "2017.10.13"]
[SourceVersion "1"]
[SourceVersionDate "2017.10.13"]
[SourceQuality "1"]

1. e4 c6 2. Nc3 d5 3. Nf3 Bg4 4. Be2 e6 5. d3 Bd6 6. Nd2 Bxe2 7. Nxe2 Nd7 8. 0-0 Ngf6 9. f4 e5 10. fxe5 Bxe5 11. exd5 Nxd5 12. Nc4 Bc7 13. Nf4 0-0 14. Nxd5 cxd5 15. Ne3 Nf6 16. Nf5 Kh8 17. Bg5 Be5 18. d4 Qb6 19. Kh1 Qxb2 20. dxe5 Qxe5 21. Qd4 Qxd4 22. Nxd4 Ne4 23. Be7 1-0

[Event "Stuttgart-chB int"]
[Site "Gerlingen"]
[Date "2011.06.03"]
[Round "4"]
[White "Issaad, Pascal"]
[Black "Schreiber, Winfried"]
[Result "0-1"]
[WhiteElo "1540"]
[BlackElo "1646"]
[PlyCount "74"]
[EventDate "2011.06.02"]
[EventType "swiss"]
[EventRounds "7"]
[EventCountry "GER"]
[SourceTitle "EXT 2018"]
[Source "ChessBase"]
[SourceDate "2017.10.13"]
[SourceVersion "1"]
[SourceVersionDate "2017.10.13"]
[SourceQuality "1"]

1. e4 c5 2. Nc3 Nc6 3. g3 a6 4. Bg2 e6 5. Nge2 Nf6 6. 0-0 Be7 7. d3 0-0 8. f4 d6 9. d4 cxd4 10. Nxd4 Qc7 11. Kh1 Nxd4 12. Qxd4 Rb8 13. a4 b6 14. Be3 Rd8 15. h3 Ne8 16. Bd2 Bf6 17. Qf2 Bb7 18. Rfd1 Ba8 19. g4 h6 20. g5 hxg5 21. fxg5 Be5 22. h4 g6 23. Be1 Ng7 24. Rd3 Nh5 25. Bd2 Rf8 26. Rf3 f6 27. gxf6 Rf7 28. Bh3 Re8 29. Bg2 Rd8 30. Rc1 Kh7 31. Nd1 Bxe4 32. Rb3 Bxg2+ 33. Kxg2 Rb8 34. Be3 Rxf6 35. Qd2 Qc6+ 36. Kg1 Rbf8 37. a5 Rf1# 0-1